UM Logo

Marketing strategies of a selected rent-a gown establishment in Digos city/ (Record no. 2689)

MARC details
000 -LEADER
fixed length control field 00701nam a22001697a 4500
008 - FIXED-LENGTH DATA ELEMENTS--GENERAL INFORMATION
fixed length control field 160525b xxu||||| |||| 00| 0 eng d
082 ## - DEWEY DECIMAL CLASSIFICATION NUMBER
Edition number 2010
Classification number UT 0223
Item number L56
100 ## - MAIN ENTRY--PERSONAL NAME
9 (RLIN) 8868
Personal name Lescano, Kristine Marie B.
245 ## - TITLE STATEMENT
Title Marketing strategies of a selected rent-a gown establishment in Digos city/
Statement of responsibility, etc. Kristine Marie B. Lescano, Cyrille Grace F. Pinsoy, June Ray Baquiran and Angelie L. Laride
260 ## - PUBLICATION, DISTRIBUTION, ETC. (IMPRINT)
Place of publication, distribution, etc. Digos City:
Name of publisher, distributor, etc. UMDC
Date of publication, distribution, etc. April 2010.
300 ## - PHYSICAL DESCRIPTION
Extent 41 pages;
Dimensions 28 cm.
650 #0 - SUBJECT ADDED ENTRY--TOPICAL TERM
9 (RLIN) 8867
Topical term or geographic name as entry element Business Administration
Form subdivision Marketing Management
General subdivision Undergraduate thesis.
700 ## - ADDED ENTRY--PERSONAL NAME
9 (RLIN) 8864
Personal name Pinsoy, Cyrille Grace F.
700 ## - ADDED ENTRY--PERSONAL NAME
9 (RLIN) 8865
Personal name Baquiran, June Ray.
700 ## - ADDED ENTRY--PERSONAL NAME
9 (RLIN) 8866
Personal name Laride, Angelie L.
942 ## - ADDED ENTRY ELEMENTS (KOHA)
Source of classification or shelving scheme Dewey Decimal Classification
Koha item type Undergraduate Thesis
Holdings
Withdrawn status Lost status Source of classification or shelving scheme Damaged status Not for loan Collection code Home library Current library Date acquired Total Checkouts Full call number Barcode Date last seen Price effective from Koha item type
    Dewey Decimal Classification     Undergraduate Theses UM Digos College - LIC UM Digos College - LIC 05/25/2016   UT 0223 L56 2010 UT0223 05/25/2016 05/25/2016 Undergraduate Thesis